000 00984nam a22002057a 4500
999 _c11637
_d11637
003 AR-CdUCM
008 190404b ||||| |||| 00| 0 spa d
040 _aMUNICIPALIDAD PROVINCIAL DEL CUSCO
_cBIBLIOTECA MUNICIPAL DEL CUSCO
082 _a341 /
_bR41 / 1947
100 _aRenard, Georges
_929093
245 _aIntroducción filosófica al estudio del derecho /
260 _aBuenos Aires :
_bEdit. Desclée, de Brouwer,
_c1947.
300 _a3 tomos ;
_c20 cm.
500 _aLos 3 tomos se encuentran en un mismo libro
505 _aContenido: T.1: El derecho considerado como expresión de la justicia - El derecho considerado como expresión de la voluntad -- T.2: El problema del método - La abstracción - El casuismo --T.3: ¿Que esperamos del derecho natural? - EL fundamento del derecho natural.
650 _aHistoria del derecho
_929094
700 _aCunchillos Manterola, Santiago (versión en castellano)
_929095
942 _2ddc
_cLIBROS
945 _adavv
_d04/04/2019